00857nam a2200241 a 450000100100000000500170001000800410002702000150006804000250008308200180010810000280012624500690015426000330022330000330025649000330028950000280032250000430035070000340039383000400042704900090046795201220047699900170059800002454520200930023229.0110131s1974 sp c r 000 0 spa d a8432024112 aDO-SdBNPbspacBNPHU axxxxxxbR766m1 aRomo, Ignacio R.95030313aLa medicina espacial /cIgnacio R. Romo ; prólogo Adolfo Azoy. aBarcelona :bPlaneta,c1974. a172 p. ; :bretrs. ;c20 cm.1 aDifusión cultural planeta. aIncluye bibliografía. aIncluye notas al pie de las páginas.1 aAzoy, Adolfo,epról.950304 0aDifusión cultural planeta.945464 aBNGR 001054708MOaGRbGRcCTd2011-01-31iLF1l0oxxxxxx R766mp24545-10r2020-06-25w2020-06-25y4ZPréstamo en sala c24038d24038